Empirical versus subjective procedures for identifying gender differences in science test items (Record no. 67663)

MARC details
000 -CABECERA
campo de control de longitud fija 00691nam a2200229 a 4500
005 - FECHA Y HORA DE LA ÚLTIMA TRANSACCIÓN
campo de control 20210219153053.0
008 - ELEMENTOS DE LONGITUD FIJA--INFORMACIÓN GENERAL
campo de control de longitud fija 991125n 000 0 u
035 ## - NÚMERO DE CONTROL DEL SISTEMA
Número de control de sistema UPN01000075768
100 ## - ASIENTO PRINCIPAL--NOMBRE PERSONAL
Nombre de persona Sudweeks, Richard R.
222 ## - TÍTULO CLAVE
Título clave JOURNAL OF RESEARCH IN SCIENCE TEACHING
245 ## - MENCIÓN DE TÍTULO
Título Empirical versus subjective procedures for identifying gender differences in science test items
300 ## - DESCRIPCIÓN FÍSICA
Extensión 3-19
362 ## - FECHAS DE PUBLICACIÓN Y/O DESIGNACIÓN SECUENCIAL
Fecha de publicación y/o designación secuencial 30, No. 1, 1993
505 ## - NOTA DE CONTENIDO CON FORMATO PREESTABLECIDO
Nota de contenido con formato Octubre 1993
653 0# - TERMINO DE INDIZACION - NO CONTROLADO
Término no controlado CONSTRUCCION DE PRUEBAS
653 0# - TERMINO DE INDIZACION - NO CONTROLADO
Término no controlado EDUCACION CIENTIFICA
653 0# - TERMINO DE INDIZACION - NO CONTROLADO
Término no controlado PRUEBAS CIENTIFICAS
653 0# - TERMINO DE INDIZACION - NO CONTROLADO
Término no controlado TENDENCIAS SEXUALES
700 ## - ASIENTO SECUNDARIO--NOMBRE DE PERSONAL
Nombre de persona Tolman, Richard R.
904 ## - ELEMENTOS DE DATOS D LOCAL, LDD (RLIN)
a AC
b 013579
905 ## - TIPO DE MATERIAL
Tipo de material Articulo

No items available.